ბათუმის შოთა რუსთაველის სახელმწიფო უნივერსიტეტის ბიბლიოთეკა

რჩეული (ბიბ.ჩანაწერი № 48760)

000 -LEADER
fixed length control field 00623nam a2200229Ia 4500
001 - CONTROL NUMBER
control field 15661
003 - CONTROL NUMBER IDENTIFIER
control field GE_BSU
008 - FIXED-LENGTH DATA ELEMENTS--GENERAL INFORMATION
fixed length control field 181216s||||||||xx |||||||||||||| ||und||
040 ## - CATALOGING SOURCE
Transcribing agency GE_BSU
080 ## - UNIVERSAL DECIMAL CLASSIFICATION NUMBER
Universal Decimal Classification number 821.353.1-1
100 ## - MAIN ENTRY--PERSONAL NAME
Personal name ცეცხლაძე, გ.
245 ## - TITLE STATEMENT
Title რჩეული
245 ## - TITLE STATEMENT
Remainder of title ლექსები,პოემა
245 ## - TITLE STATEMENT
Statement of responsibility, etc. რედ.ი.ლისაშვილი
260 ## - PUBLICATION, DISTRIBUTION, ETC.
Place of publication, distribution, etc. თბილისი
260 ## - PUBLICATION, DISTRIBUTION, ETC.
Name of publisher, distributor, etc. ფედერაცია
260 ## - PUBLICATION, DISTRIBUTION, ETC.
Date of publication, distribution, etc. 1939
300 ## - PHYSICAL DESCRIPTION
Extent 121გვ. ; 15სმ
653 ## - INDEX TERM--UNCONTROLLED
Uncontrolled term ლექსები
653 ## - INDEX TERM--UNCONTROLLED
Uncontrolled term რჩეული
942 ## - ADDED ENTRY ELEMENTS (KOHA)
Koha item type წიგნი
ეგზემპლარები
Withdrawn status Lost status Damaged status Not for loan Date acquired Barcode Date last seen Price effective from Koha item type
        2018-12-17 38731 2018-12-17 2018-12-17 წიგნი
        2018-12-17 38732 2018-12-17 2018-12-17 წიგნი
        2018-12-17 38737 2018-12-17 2018-12-17 წიგნი
        2018-12-17 38738 2018-12-17 2018-12-17 წიგნი
        2018-12-17 38739 2018-12-17 2018-12-17 წიგნი